Normal view
MARC view
- Image processing
Entry Topical Term
001 - CONTROL NUMBER
- control field: 36950
003 - CONTROL NUMBER IDENTIFIER
- control field: OSt
005 - DATE AND TIME OF LATEST TRANSACTION
- control field: 20141216160148.0
008 - FIXED-LENGTH DATA ELEMENTS
- fixed length control field: 141216|| aca||babn | a|a d
040 ## - CATALOGING SOURCE
- Original cataloging agency: OSt
150 ## - HEADING--TOPICAL TERM
- Topical term or geographic name as entry element: Image processing
450 ## - SEE FROM TRACING--TOPICAL TERM
- Topical term or geographic name entry element: Pictorial data processing
450 ## - SEE FROM TRACING--TOPICAL TERM
- Topical term or geographic name entry element: Picture processing
450 ## - SEE FROM TRACING--TOPICAL TERM
- Topical term or geographic name entry element: Processing, Image
550 ## - SEE ALSO FROM TRACING--TOPICAL TERM
- Topical term or geographic name entry element: Imaging systems
550 ## - SEE ALSO FROM TRACING--TOPICAL TERM
- Topical term or geographic name entry element: Optical data processing